Statistics for Top 10 Provinces and States by Population in Canada, USA & Mexico

Click here to take the quiz!

General Stats

  • This quiz has been taken 16 times
  • The average score is 9 of 10

Answer Stats

CountryPopulation (2020-2021)Answer% Correct
USA39,538,223California
100%
USA20,201,249New York
100%
USA29,145,505Texas
100%
USA21,538,187Florida
94%
USA10,711,908Georgia
94%
USA12,812,508Illinois
94%
Canada14,223,942Ontario
94%
Mexico16,992,418México
88%
USA11,799,448Ohio
88%
USA13,002,700Pennsylvania
88%

Score Distribution

Percentile by Number Answered

Percent of People with Each Score

Your Score History

You have not taken this quiz